000 00780nam a2200241Ia 4500
003 OSt
005 20220923215240.0
006 a|||||r|||| 00| 0
007 ta
008 220922b |||||||| |||| 00| 0 hin d
024 _a176,917
037 _cTextual
040 _aARTS
_cARTS
_bhin
041 _2hin
_ahin
082 _aO152:g(P), K7
100 _aशुक्ल, राम चन्द्र, सरस
_9163701
245 0 _aरस छन्द और अलंकार
246 _aRas chhanda aur alankāra
260 _aलखनऊ
_b प्रकाशन केन्द्र
_c1967
300 _a191 पृ.
_ccm.
942 _hO152:g(P), K7
_cTEXL
_2CC
999 _c330412
_d330412